000 01438nam a2200385 a 4500
999 _c2752
_d2752
001 017148122
003 UkOxU
005 20230818150959.0
008 090528s2008 enka 000 0 eng
010 _a2009291369
020 _a9780194791977 (pbk.)
020 _a0194791971 (pbk.)
035 _a(StGlU)b2671517x
035 _a(UkLCURL)03b2671517x
038 _aUkLCURL
040 _aDLC
_cDLC
_dDLC
_dKH8
043 _af------
049 _ll
082 _a428.6 WES
090 _aGla
_bENG-T2091-02 Book
_bENG-T2091-00 CD 1
_bENG-T2091-01 CD 2
100 1 _aWest, Clare,
_eauthor.
245 1 0 _aDancing with strangers :
_bstories from Africa /
_cretold by Clare West.
260 _aOxford :
_bOxford University Press,
_c2008.
300 _a71 p. :
_bill. ;
_c20 cm. +
_e2 sound discs (4 3/4 in.)
490 1 _aOxford Bookworms library. Stage 3, World Stories
500 _aBook accompanied by 2 sound discs.
505 0 _aSouth Africa: Ekateria / Jake Cope -- Tanzania: Breaking loose / M.G. Vassanji -- Uganda: Remember Atita / Jackee Budesta Batanda -- South Africa: A gathering of bald men / Mandla Langa.
650 0 _aReaders (Adult)
650 0 _aEnglish language
_vTextbooks for foreign speakers.
650 0 _aReading comprehension
_vProblems, exercises, etc.
650 0 _aAfrican fiction.
651 0 _aAfrica
_vFiction
830 0 _aOxford bookworms library.
_pWorld stories.
_pStage 3.
942 _2ddc
_cTR